Tapez les nombres contenant 7 dans l'ordre croissant - Statistiques

Statistiques générales
  • Ce quiz a été pris 239 fois
  • Le résultat moyen est 21 sur 40
Statistiques - réponses
Réponse % Correct
7
100%
17
98%
27
98%
37
97%
47
97%
57
97%
67
97%
70
86%
71
78%
72
76%
73
75%
74
73%
75
73%
76
73%
77
71%
78
70%
79
70%
87
66%
97
63%
107
61%
117
57%
127
54%
137
50%
147
48%
157
45%
167
42%
170
39%
171
29%
172
24%
173
20%
174
17%
175
14%
176
11%
177
7%
178
7%
179
5%
187
4%
197
3%
207
2%
217
2%
Aucun quiz correspondant
Distribution des résultats
% des personnes avec chaque résultat
Percentile par nombre de réponses
Votre historique - résultats
Vous n’avez pas pris ce quiz